Coordination of monetary and fiscal policies

Uložené v:
Podrobná bibliografia
Hlavný autor: Laurens, Bernard J.
Ďalší autori: Piedra, Enrique G. de la
Médium: Kniha
Jazyk:English
Vydavateľské údaje: Washington IMF 1998
Edícia:IMF Working Paper 25
Predmet:
Tagy: Pridať tag
Žiadne tagy, Buďte prvý, kto otaguje tento záznam!

MARC

LEADER 00000nam a2200000 4500
001 c106241
005 20221221081859.8
041 0 |a eng 
044 |a US 
245 1 0 |a Coordination of monetary and fiscal policies  |c Prepared by Bernard Laurens and Enrique G. de la Piedra 
264 1 |a Washington  |b IMF  |c 1998 
300 |a 32 s. 
490 1 |a IMF Working Paper  |v 25 
830 0 |a IMF Working Paper  |v 25 
610 2 0 |a politika fiškálna 
610 2 0 |a politika peňažná 
610 2 0 |a koordinácia 
610 2 0 |a banky centrálne 
610 2 0 |a kurz menový 
610 2 0 |a nástroje bankové 
610 2 0 |a nástroje politiky menovej 
610 2 0 |a stabilita cien 
100 1 |a Laurens, Bernard J. 
700 1 |a Piedra, Enrique G. de la